000 00553 a2200169 4500
005 20250515130049.0
020 _a0-324-26039-3
082 _aLECT 339 HAL
100 _aHALL, R. E.
245 _aMacroeconomics: Principles and Applications
250 _a3rd Ed.
260 _aOhio,
_bSouth-Western,
_c2005.
300 _axxiii, 542p.: ill.; figure, graph, picture, table.
_bGlossary & index.
_c26cm.
700 _aLIEBERMAN, M.
856 _yAccess online book
_fMacroeconomics: Principles and Applications
_dhttp://www.swlearning.com
942 _2ddc
_cBKS
999 _c2298
_d2298